Countries of the World Alphabetically - Statistics

General Stats
  • This quiz has been taken 22 times
  • The average score is 120 of 196
Answer Stats
Answer % Correct
Afghanistan
100%
Albania
100%
Algeria
86%
Andorra
79%
Angola
79%
Argentina
79%
Armenia
79%
Australia
79%
Austria
79%
Azerbaijan
79%
Bangladesh
79%
Barbados
79%
Antigua and Barbuda
71%
Bahamas
71%
Bahrain
71%
Belarus
71%
Belgium
71%
Belize
71%
Bhutan
71%
Bosnia and Herzegovina
71%
Botswana
71%
Bulgaria
71%
Cambodia
71%
Cameroon
71%
Canada
71%
Chad
71%
Chile
71%
China
71%
Cuba
71%
Cyprus
71%
Denmark
71%
Djibouti
71%
Dominica
71%
Dominican Republic
71%
East Timor
71%
Ecuador
71%
Eritrea
71%
Estonia
71%
Eswatini
71%
Ethiopia
71%
Fiji
71%
Finland
71%
France
71%
Gabon
71%
Gambia
71%
Georgia
71%
Ghana
71%
Grenada
71%
Guatemala
71%
Guinea
71%
Guinea Bissau
71%
Guyana
71%
Haiti
71%
Honduras
71%
Hungary
71%
Iceland
71%
India
71%
Indonesia
71%
Italy
71%
Jamaica
71%
Japan
71%
Jordan
71%
Kazakhstan
71%
Kenya
71%
Kiribati
71%
Kuwait
71%
Kyrgyzstan
71%
Laos
71%
Latvia
71%
Lesotho
71%
Liberia
71%
Libya
71%
Liechtenstein
71%
Lithuania
71%
Madagascar
71%
Benin
64%
Bolivia
64%
Brazil
64%
Brunei
64%
Burkina Faso
64%
Burundi
64%
Cape Verde
64%
Central African Republic
64%
Columbia
64%
Comoros
64%
Costa Rica
64%
Croatia
64%
Czech Republic
64%
Egypt
64%
Equatorial Guinea
64%
Germany
64%
Greece
64%
Iran
64%
Iraq
64%
Ireland
64%
Israel
64%
Kosovo
64%
Lebanon
64%
Luxembourg
64%
Malawi
64%
Malaysia
64%
Maldives
64%
Marshall Islands
64%
Mauritius
64%
Mongolia
64%
Nepal
64%
El Salvador
57%
Ivory Coast
57%
Malta
57%
Mauritania
57%
Mexico
57%
Moldova
57%
Monaco
57%
Montenegro
57%
Morocco
57%
Mozambique
57%
Myanmar
57%
Namibia
57%
Nauru
57%
Netherlands
57%
New Zealand
57%
Nicaragua
57%
Niger
57%
Nigeria
57%
North Korea
57%
North Macedonia
57%
Oman
57%
Palau
57%
Panama
57%
Rwanda
57%
San Marino
57%
Seychelles
57%
South Korea
57%
South Sudan
57%
Sudan
57%
Suriname
57%
Democratic Republic of the Congo
50%
Federated States of Micronesia
50%
Mali
50%
Norway
50%
Pakistan
50%
Papua New Guinea
50%
Paraguay
50%
Poland
50%
Portugal
50%
Qatar
50%
Romania
50%
Russia
50%
Saint Kitts and Nevis
50%
Saint Lucia
50%
Saint Vincent and the Grenadines
50%
São Tomé and Príncipe
50%
Senegal
50%
Sierra Leone
50%
Singapore
50%
Slovakia
50%
Slovenia
50%
Solomon Islands
50%
Somalia
50%
South Africa
50%
Sweden
50%
Switzerland
50%
Syria
50%
Tanzania
50%
Thailand
50%
Trinidad and Tobago
50%
Tunisia
50%
Turkey
50%
Turkmenistan
50%
Philippines
43%
Samoa
43%
Saudi Arabia
43%
Serbia
43%
Spain
43%
Sri Lanka
43%
Taiwan
43%
Tajikistan
43%
Togo
43%
Tonga
43%
Tuvalu
43%
Uganda
43%
Ukraine
43%
United Arab Emirates
43%
United Kingdom
43%
United States of America
43%
Uruguay
43%
Uzbekistan
43%
Vanuatu
43%
Venezuela
43%
Vietnam
43%
Yemen
43%
Zambia
43%
Zimbabwe
43%
Peru
36%
Vatican City
36%
Republic of the Congo
29%
No matching quizzes found
Score Distribution
Percent of People with Each Score
Percentile by Number Answered
Your Score History
You have not taken this quiz